Rafael Nadal Multiple Choice Quiz - Statistics

General Stats
  • This quiz has been taken 59 times
  • The average score is 11 of 15
Answer Stats
Question Answer % Correct
How many French Opens has Nadal won? 14
92%
How many grand slams has Nadal won? 22
92%
How many Australian Opens has Nadal won? 2
85%
What year did Nadal turn pro? 2001
77%
Who did Nadal beat in the 2019 U.S. Open final? Daniil Medvedev
77%
What round did Nadal lose in at the Australian open 2012? Finals
77%
How many times has Nadal lost to Djokovic? 30
69%
How many grand slams did Nadal win in 2009? 1
62%
How many Grand Slams did Nadal win in 2011 1
62%
How many Grand Slams did Nadal win in 2017? 2
62%
How many times has Nadal beat Federer? 24
62%
How many Titles has Nadal won? 92
62%
Who did Nadal lose to in the 2018 U.S. Open? Juan Martin Del Potro
62%
Who did Nadal lose to at the 2009 French Open? Robin Soderling
62%
How many times has Nadal played Novak Djokovic? 59
54%
No matching quizzes found
Score Distribution
Percent of People with Each Score
Percentile by Number Answered
Your Score History
You have not taken this quiz